000 00392nam a2200181Ia 4500
003 0100
008 130303s9999 xx 000 0 und d
040 _cARRUPELIB
050 _aBS2575.3.M4
100 _aMeier, John P
245 _aMatthew
260 _aWilmington Del.
260 _bGlazier
260 _C1980
300 _a377p
440 _aNew Testament Message, v.3
942 0 0 _01
999 _c26388
_d26388